[Event "Monaco Women's Grand Prix"]
[Site "Monaco MNC"]
[Date "2025.02.20"]
[EventDate "2025.02.17"]
[Round "3.5"]
[Result "1-0"]
[White "Alexandra Kosteniuk"]
[Black "Zhongyi Tan"]
[WhiteElo "2484"]
[BlackElo "2561"]
[PlyCount "130"]

1. d4 Nf6 2. c4 g6 3. Nc3 d5 4. Nf3 Bg7 5. h4 dxc4 6. e4 c5 7. d5 Bg4 8.
Qa4+ Bd7 9. Qxc4 O-O 10. Qxc5 e6 11. dxe6 Bxe6 12. Ng5 Nc6 13. Bf4 Ng4 14.
e5 Ncxe5 15. Rd1 Qe8 16. Nxe6 fxe6 17. Bg3 Rc8 18. Qb5 Qe7 19. Be2 Rf5 20.
Qa4 b5 21. Nxb5 Qc5 22. O-O Ne3 23. b4 Qb6 24. Nd6 Nxf1 25. Nxc8 Nxg3 26.
Nxb6 Nxe2+ 27. Kf1 Ng3+ 28. Kg1 Ne2+ 29. Kf1 Ng3+ 30. Ke1 Nf3+ 31. gxf3
Bc3+ 32. Rd2 axb6 33. Qe8+ Kg7 34. Qe7+ Rf7 35. Qxe6 Nf5 36. Kd1 Bxd2 37.
Kxd2 Rf6 38. Qe4 Rd6+ 39. Kc1 Kf6 40. a4 Rd4 41. Qc6+ Rd6 42. Qc7 Ke6 43.
Qxh7 Ne7 44. h5 gxh5 45. Qxh5 Nd5 46. Qg4+ Ke7 47. Qe4+ Kd7 48. f4 Kc7 49.
Kb2 Nf6 50. Qe7+ Nd7 51. Kc3 Rf6 52. Qe4 Rd6 53. Kc4 Rc6+ 54. Kb5 Rd6 55.
a5 bxa5 56. bxa5 Rf6 57. Qc4+ Kb8 58. a6 Rb6+ 59. Ka5 Rb1 60. Qd4 Kc7 61.
a7 Nb6 62. Qxb6+ Rxb6 63. a8=N+ Kd6 64. Nxb6 Ke6 65. Kb5 1-0